[Event "KOS-chT"]
[Site "Pristina"]
[Date "2024.05.18"]
[Round "2.12"]
[White "Ajroni, Albert"]
[Black "Jashari, Ardian"]
[Result "0-1"]
[WhiteElo "1954"]
[BlackElo "2131"]
[PlyCount "41"]
[EventDate "2024.05.17"]
[EventType "team-tourn"]
[EventRounds "7"]
[EventCountry "KOS"]
[SourceTitle "CBM 220 Extra"]
[Source "ChessBase"]
[SourceDate "2024.07.31"]
[SourceVersion "1"]
[SourceVersionDate "2024.07.31"]
[SourceQuality "1"]
[WhiteTeam "Vellaznimi"]
[BlackTeam "Dardania"]
[WhiteTeamCountry "KOS"]
[BlackTeamCountry "KOS"]

1. e4 e5 2. Nf3 Nc6 3. Bb5 f5 4. d3 fxe4 5. dxe4 Bc5 6. Bg5 Nf6 7. Bxf6 Qxf6 8. Qd5 Bd6 9. c3 Ne7 10. Qb3 a6 11. Be2 Ng6 12. g3 Bc5 13. Nbd2 d6 14. a4 Be6 15. Qxb7 0-0 16. b4 Ra7 17. Qxa6 Rxa6 18. Bxa6 Ba7 19. 0-0 Bh3 20. Rfb1 Nh4 21. Be2 0-1

[Event "FRM-chT2 Gp-B"]
[Site "Ohrid"]
[Date "2022.07.23"]
[Round "4.2"]
[White "Jashari, Ardian"]
[Black "Zlatkov, Anton"]
[Result "0-1"]
[WhiteElo "2085"]
[BlackElo "2149"]
[PlyCount "116"]
[EventDate "2022.07.21"]
[EventType "team-tourn"]
[EventRounds "5"]
[EventCountry "MKD"]
[SourceTitle "CBM 210 Extra"]
[Source "ChessBase"]
[SourceDate "2022.11.30"]
[SourceVersion "1"]
[SourceVersionDate "2022.11.30"]
[SourceQuality "1"]
[WhiteTeam "Shkendija"]
[BlackTeam "MSK Centar"]
[WhiteTeamCountry "MKD"]
[BlackTeamCountry "MKD"]

1. e4 c5 2. Nf3 d6 3. Bb5+ Bd7 4. Bxd7+ Qxd7 5. c4 Nf6 6. Nc3 Nc6 7. d4 cxd4 8. Nxd4 g6 9. f3 Bg7 10. Be3 0-0 11. 0-0 Rfc8 12. b3 Qd8 13. Qd2 a6 14. Nxc6 bxc6 15. Rad1 Qa5 16. Na4 Qxd2 17. Rxd2 Rab8 18. Rfd1 c5 19. e5 Ne8 20. f4 f5 21. exd6 exd6 22. Re2 Kf8 23. Red2 Rd8 24. Rd3 Rb7 25. Bd2 Bd4+ 26. Kf1 d5 27. cxd5 Nf6 28. Be3 Nxd5 29. Bc1 Nb4 30. R3d2 Re7 31. Bb2 Nd5 32. Bxd4 cxd4 33. Kg1 Nxf4 34. g3 Ne6 35. Nb6 Kg8 36. Nc4 Ree8 37. Kg2 Kg7 38. Ne5 Rd6 39. Nc4 Rd5 40. Nb6 Rdd8 41. Nc4 f4 42. Re1 f3+ 43. Kf2 Ng5 44. Rdd1 Rf8 45. g4 Rde8 46. Nd2 d3 47. Rxe8 Rxe8 48. h4 Re2+ 49. Kg3 Rxd2 50. Rxd2 Ne4+ 51. Kxf3 Nxd2+ 52. Ke3 Ne4 53. Kxd3 Nf2+ 54. Kc4 Nxg4 55. b4 Ne5+ 56. Kd5 Nd3 57. Kc4 Nxb4 58. Kxb4 h5 0-1

[Event "FRM-chT2 Gp-B"]
[Site "Ohrid"]
[Date "2022.07.21"]
[Round "1.2"]
[White "Zenuni, Salim"]
[Black "Jashari, Ardian"]
[Result "0-1"]
[WhiteElo "1810"]
[BlackElo "2085"]
[PlyCount "86"]
[EventDate "2022.07.21"]
[EventType "team-tourn"]
[EventRounds "5"]
[EventCountry "MKD"]
[SourceTitle "CBM 210 Extra"]
[Source "ChessBase"]
[SourceDate "2022.11.30"]
[SourceVersion "1"]
[SourceVersionDate "2022.11.30"]
[SourceQuality "1"]
[WhiteTeam "Teuta Matejce"]
[BlackTeam "Shkendija"]
[WhiteTeamCountry "MKD"]
[BlackTeamCountry "MKD"]

1. e4 c5 2. Nc3 e6 3. Bc4 a6 4. a4 Nc6 5. Nf3 Nf6 6. e5 Ng4 7. Qe2 Qc7 8. d3 Ngxe5 9. Bf4 Nxf3+ 10. Qxf3 d6 11. 0-0 Nd4 12. Qd1 Be7 13. Ne4 e5 14. Bc1 Be6 15. Bxe6 Nxe6 16. c4 0-0 17. Be3 f5 18. Nc3 f4 19. Qg4 Qc8 20. Nd5 Bd8 21. Bd2 Nd4 22. Qxc8 Rxc8 23. f3 a5 24. Bc3 Nc6 25. g4 b6 26. Kg2 Ne7 27. Nxe7+ Bxe7 28. Be1 Rfd8 29. Bf2 d5 30. Rfd1 g6 31. b3 Rd7 32. Kf1 Bf6 33. Rab1 h5 34. Ke2 hxg4 35. fxg4 Rh7 36. Rh1 Rh3 37. g5 Bg7 38. Rbg1 e4 39. cxd5 Rxd3 40. Rg4 f3+ 41. Kf1 Rd1+ 42. Be1 e3 43. Rc4 Bd4 0-1

[Event "EU-Cup 36th"]
[Site "Struga"]
[Date "2021.09.19"]
[Round "2.13"]
[White "Dishman, Matthew"]
[Black "Jashari, Ardian"]
[Result "1/2-1/2"]
[WhiteElo "1949"]
[BlackElo "2109"]
[PlyCount "84"]
[EventDate "2021.09.18"]
[EventType "team-swiss"]
[EventRounds "7"]
[EventCountry "MKD"]
[SourceTitle "CBM 204 Extra"]
[Source "ChessBase"]
[SourceDate "2021.11.30"]
[SourceVersion "1"]
[SourceVersionDate "2021.11.30"]
[SourceQuality "1"]
[WhiteTeam "Bonnevoie Gambit"]
[BlackTeam "Dardania"]
[WhiteTeamCountry "LUX"]
[BlackTeamCountry "KOS"]

1. Nf3 g6 2. e4 Bg7 3. d4 d6 4. Nc3 Nf6 5. Be3 c6 6. Qd2 b5 7. Bd3 Ng4 8. Bg5 f6 9. h3 Nxf2 10. Qxf2 fxg5 11. Nxg5 Bf6 12. Nxh7 Bxd4 13. Qxd4 e5 14. Qf2 Rxh7 15. 0-0 Qb6 16. Qxb6 axb6 17. Rf6 Rg7 18. Raf1 Ke7 19. Bxb5 Be6 20. Ba4 Nd7 21. Bxc6 Nxf6 22. Bxa8 g5 23. Nd5+ Bxd5 24. Bxd5 g4 25. hxg4 Rxg4 26. Rf3 Nxe4 27. Bxe4 Rxe4 28. Rb3 Rc4 29. c3 Rc6 30. Kf2 Ke6 31. Ke3 Kf5 32. Rb4 d5 33. Rb5 Rd6 34. a4 Kg4 35. b4 Kg3 36. a5 bxa5 37. bxa5 Kxg2 38. Rb6 Rd8 39. a6 d4+ 40. cxd4 Rxd4 41. a7 Ra4 42. Rb7 Kh3 1/2-1/2

[Event "FRM-chT2 GpA"]
[Site "Ohrid"]
[Date "2021.07.05"]
[Round "5.1"]
[White "Zenuni, Salim"]
[Black "Jashari, Ardian"]
[Result "0-1"]
[WhiteElo "1917"]
[BlackElo "2091"]
[PlyCount "76"]
[EventDate "2021.07.03"]
[EventType "team-tourn"]
[EventRounds "5"]
[EventCountry "MKD"]
[SourceTitle "EXT 2022"]
[Source "ChessBase"]
[SourceDate "2021.10.06"]
[SourceVersion "1"]
[SourceVersionDate "2021.10.06"]
[SourceQuality "1"]
[WhiteTeam "Lipkovo Teuta"]
[BlackTeam "Tetovo Shkendija"]
[WhiteTeamCountry "MKD"]
[BlackTeamCountry "MKD"]

1. e4 e5 2. Nf3 Nc6 3. Bc4 Bc5 4. 0-0 d6 5. a3 Nf6 6. Nc3 Bg4 7. b4 Bb6 8. Be2 a5 9. b5 Ne7 10. d3 Ng6 11. Be3 0-0 12. a4 Nh5 13. Nd5 Nhf4 14. c4 Nxe2+ 15. Qxe2 Nh4 16. Kh1 f5 17. h3 Bxf3 18. gxf3 fxe4 19. fxe4 Nf3 20. Rg1 Nxg1 21. Rxg1 Bxe3 22. Qxe3 c6 23. Nc3 Qh4 24. Rg3 Rf7 25. Kg2 Raf8 26. f3 Rf6 27. Ne2 Rh6 28. Ng1 Rff6 29. Qg5 Qxg5 30. Rxg5 Rhg6 31. Rg4 h5 32. Rxg6 Rxg6+ 33. Kf2 h4 34. Ne2 Kf7 35. f4 exf4 36. Nxf4 Rg3 37. bxc6 bxc6 38. d4 Rc3 0-1

[Event "EU-Cup 34th"]
[Site "Porto Carras"]
[Date "2018.10.14"]
[Round "3.5"]
[White "Jashari, Ardian"]
[Black "Nordquelle, Daniel"]
[Result "1-0"]
[WhiteElo "2113"]
[BlackElo "2235"]
[PlyCount "73"]
[EventDate "2018.10.12"]
[EventType "team-swiss"]
[EventRounds "7"]
[EventCountry "GRE"]
[SourceTitle "CBM 187"]
[Source "ChessBase"]
[SourceDate "2018.12.11"]
[SourceVersion "1"]
[SourceVersionDate "2018.12.11"]
[SourceQuality "1"]
[WhiteTeam "Dardania"]
[BlackTeam "Nordstrand"]
[WhiteTeamCountry "KOS"]
[BlackTeamCountry "NOR"]

1. e4 c5 2. Nf3 d6 3. Bb5+ Nd7 4. Bxd7+ Bxd7 5. d4 cxd4 6. Qxd4 e5 7. Qd3 h6 8. 0-0 Nf6 9. c4 Rc8 10. b3 a6 11. Ba3 b5 12. Nbd2 Bc6 13. Rfe1 Be7 14. Rac1 0-0 15. cxb5 axb5 16. Bb4 Qc7 17. Nf1 Rfd8 18. Ng3 g6 19. Qd2 Qb7 20. Qxh6 Bxe4 21. Rxc8 Rxc8 22. Nxe5 Qd5 23. Nxe4 Nxe4 24. Nxg6 Bf6 25. Qe3 Nxf2 26. Qxf2 Qg5 27. Nf4 Be5 28. Nd3 Bg7 29. Kh1 Qd5 30. Nf4 Qf5 31. Nh3 Qd5 32. Qf3 Qd4 33. a3 Bh6 34. Rd1 Rc1 35. Rxc1 Bxc1 36. Nf2 Be3 37. Qg4+ 1-0

[Event "KOS-chT"]
[Site "Pristina"]
[Date "2018.05.09"]
[Round "3.2"]
[White "Bimbashi, Hamze"]
[Black "Jashari, Ardian"]
[Result "1-0"]
[WhiteElo "2018"]
[BlackElo "2105"]
[PlyCount "64"]
[EventDate "2018.05.07"]
[EventType "team-tourn"]
[EventRounds "7"]
[EventCountry "KOS"]
[SourceTitle "EXT 2019"]
[Source "ChessBase"]
[SourceDate "2018.10.10"]
[SourceVersion "1"]
[SourceVersionDate "2018.10.10"]
[SourceQuality "1"]
[WhiteTeam "Fushe Kosova"]
[BlackTeam "Dardania"]
[WhiteTeamCountry "KOS"]
[BlackTeamCountry "KOS"]

1. e4 e5 2. Nf3 Nf6 3. Nc3 Nc6 4. a3 Bc5 5. h3 d6 6. Bc4 h6 7. d3 a6 8. Be3 Nd4 9. Bxd4 Bxd4 10. Nxd4 exd4 11. Ne2 c5 12. Ba2 Be6 13. Qd2 Bxa2 14. Rxa2 Qe7 15. f4 b5 16. 0-0 0-0 17. Raa1 Rfe8 18. Rae1 a5 19. Ng3 Qd7 20. Ra1 Ra7 21. b3 a4 22. b4 Rc7 23. Rac1 c4 24. Qf2 Rec8 25. Ne2 cxd3 26. cxd3 Rc2 27. Rxc2 Rxc2 28. Rc1 Qc6 29. Qf1 Rxc1 30. Qxc1 Qb6 31. Kf1 Nh5 32. Qc8+ Kh7 1-0

[Event "KOS-chT"]
[Site "Pristina"]
[Date "2018.05.08"]
[Round "2.2"]
[White "Jashari, Ardian"]
[Black "Xhakaj, Shehat"]
[Result "1/2-1/2"]
[WhiteElo "2105"]
[BlackElo "2033"]
[PlyCount "108"]
[EventDate "2018.05.07"]
[EventType "team-tourn"]
[EventRounds "7"]
[EventCountry "KOS"]
[SourceTitle "EXT 2019"]
[Source "ChessBase"]
[SourceDate "2018.10.10"]
[SourceVersion "1"]
[SourceVersionDate "2018.10.10"]
[SourceQuality "1"]
[WhiteTeam "Dardania"]
[BlackTeam "Drenasi"]
[WhiteTeamCountry "KOS"]
[BlackTeamCountry "KOS"]

1. e4 c5 2. Nf3 Nc6 3. Bb5 g6 4. Nc3 Bg7 5. 0-0 a6 6. Bxc6 bxc6 7. e5 Nh6 8. Ne4 d6 9. d3 Ng4 10. exd6 exd6 11. Bf4 Bf8 12. h3 Nf6 13. Nxf6+ Qxf6 14. Re1+ Be6 15. Qc1 h6 16. Bd2 d5 17. Bf4 Qe7 18. Ne5 Rc8 19. Qe3 g5 20. Bg3 Bg7 21. Re2 0-0 22. Rae1 Rfe8 23. b3 f6 24. Nf3 Qf8 25. Qd2 Bd7 26. Qa5 Rxe2 27. Rxe2 Re8 28. Rxe8 Qxe8 29. Qxc5 f5 30. Qe3 f4 31. Qxe8+ Bxe8 32. Bh2 Bd7 33. Kf1 Kf7 34. Nd2 Bc3 35. Nb1 Ba5 36. f3 d4 37. Bg1 c5 38. Bf2 Ke6 39. Be1 Bd8 40. Nd2 Kd5 41. Nc4 Bb5 42. Ke2 h5 43. a4 Bd7 44. Ba5 Bxa5 45. Nxa5 g4 46. fxg4 hxg4 47. Nc4 Be6 48. Nd2 g3 49. Ne4 Bf5 50. Nd2 Bd7 51. Nc4 Bf5 52. Nb6+ Kc6 53. a5 Be6 54. Nc4 Kd5 1/2-1/2

[Event "EU-Cup 33rd"]
[Site "Antalya"]
[Date "2017.10.13"]
[Round "6.3"]
[White "Kokkila, Tero"]
[Black "Jashari, Ardian"]
[Result "0-1"]
[WhiteElo "2290"]
[BlackElo "2116"]
[PlyCount "83"]
[EventDate "2017.10.08"]
[EventType "team-swiss"]
[EventRounds "7"]
[EventCountry "TUR"]
[SourceTitle "CBM 181"]
[Source "ChessBase"]
[SourceDate "2017.11.10"]
[SourceVersion "1"]
[SourceVersionDate "2017.11.10"]
[SourceQuality "1"]
[WhiteTeam "Etela Vantaan"]
[BlackTeam "Dardania"]
[WhiteTeamCountry "FIN"]
[BlackTeamCountry "KOS"]

1. e4 c5 2. Nf3 Nc6 3. d4 cxd4 4. Nxd4 Nf6 5. Nc3 e5 6. Ndb5 d6 7. Bg5 a6 8. Na3 b5 9. Nd5 Be7 10. Bxf6 Bxf6 11. c4 b4 12. Nc2 a5 13. Qf3 Bg5 14. h4 Bh6 15. g4 Bf4 16. Rd1 0-0 17. Be2 Be6 18. Nxf4 exf4 19. Qxf4 Ne5 20. b3 Qc7 21. Nd4 d5 22. Qg3 dxe4 23. h5 Rad8 24. h6 Nd3+ 25. Rxd3 Qxg3 26. Rxg3 Rxd4 27. hxg7 Kxg7 28. Rh5 Ra8 29. Re3 a4 30. f4 exf3 31. Bxf3 axb3 32. Bxa8 bxa2 33. Rg5+ Kf8 34. Ra5 Bxc4 35. Bc6 Rxg4 36. Kd2 Rg1 37. Re4 b3 38. Rxc4 b2 39. Be4 b1Q 40. Rc8+ Kg7 41. Bxb1 axb1Q 42. Rd8 0-1

[Event "EU-Cup 33rd"]
[Site "Antalya"]
[Date "2017.10.08"]
[Round "1.4"]
[White "Czebe, Attila"]
[Black "Jashari, Ardian"]
[Result "1-0"]
[WhiteElo "2467"]
[BlackElo "2116"]
[PlyCount "137"]
[EventDate "2017.10.08"]
[EventType "team-swiss"]
[EventRounds "7"]
[EventCountry "TUR"]
[SourceTitle "CBM 181"]
[Source "ChessBase"]
[SourceDate "2017.11.10"]
[SourceVersion "1"]
[SourceVersionDate "2017.11.10"]
[SourceQuality "1"]
[WhiteTeam "Dunajska Streda"]
[BlackTeam "Dardania"]
[WhiteTeamCountry "SVK"]
[BlackTeamCountry "KOS"]

1. c4 e5 2. Nc3 Nf6 3. Nf3 Nc6 4. g3 Be7 5. Bg2 0-0 6. 0-0 d6 7. d4 exd4 8. Nxd4 Bd7 9. h3 Nxd4 10. Qxd4 Bc6 11. e4 Nd7 12. b3 Bf6 13. Qd2 Re8 14. Bb2 a5 15. Rae1 Bxc3 16. Qxc3 Qf6 17. Qxf6 Nxf6 18. Bxf6 gxf6 19. a4 Re7 20. Re3 Rae8 21. Rfe1 Kg7 22. Kh2 Re5 23. g4 R5e7 24. Kg3 Rh8 25. Rc1 Rhe8 26. Kf4 b6 27. Rce1 h6 28. Kg3 Bd7 29. f4 Kf8 30. f5 Kg7 31. Kf4 Rh8 32. h4 Re5 33. Rh1 Rhe8 34. Bf3 Bc8 35. Rg1 Bd7 36. Re2 Bc8 37. Rgg2 Bd7 38. g5 hxg5+ 39. hxg5 fxg5+ 40. Rxg5+ Kf6 41. Rh5 Rg8 42. Reh2 Ke7 43. Rh6 Kf8 44. R2h5 Bc6 45. Rh7 Bd7 46. Rh1 Bc6 47. Rd1 Bb7 48. Rh6 Bc6 49. Rhh1 Bb7 50. Rdg1 Bc6 51. Rxg8+ Kxg8 52. Rg1+ Kf8 53. Rg4 Ke7 54. Kg5 Be8 55. Rh4 Bc6 56. Bg2 Be8 57. Rh6 Bd7 58. Bf3 Be8 59. Kf4 Bc6 60. f6+ Kd8 61. Rh8+ Re8 62. Rh7 Rf8 63. Bh5 Ke8 64. e5 Bd7 65. exd6 cxd6 66. Bf3 Be6 67. Bg4 Kd7 68. Bf5 Rg8 69. Rxf7+ 1-0

[Event "KOS-chT"]
[Site "Pristina"]
[Date "2017.05.19"]
[Round "3.1"]
[White "Jashari, Ardian"]
[Black "Sadiku, Bedri"]
[Result "1-0"]
[WhiteElo "2103"]
[BlackElo "2232"]
[PlyCount "101"]
[EventDate "2017.05.17"]
[EventType "team-tourn"]
[EventRounds "7"]
[EventCountry "KOS"]
[SourceTitle "CBM 178 Extra"]
[Source "ChessBase"]
[SourceDate "2017.06.22"]
[SourceVersion "1"]
[SourceVersionDate "2017.06.22"]
[SourceQuality "1"]
[WhiteTeam "Decani"]
[BlackTeam "Pristina"]
[WhiteTeamCountry "KOS"]
[BlackTeamCountry "KOS"]

1. e4 d6 2. d4 Nd7 3. Nf3 g6 4. Be3 Bg7 5. Qd2 e5 6. Nc3 c6 7. dxe5 dxe5 8. 0-0-0 Qe7 9. h4 Ngf6 10. Kb1 Ng4 11. h5 Nxe3 12. Qxe3 Nc5 13. hxg6 hxg6 14. Rxh8+ Bxh8 15. a3 Bg7 16. Be2 Ne6 17. Bc4 Nd4 18. Ne2 Bg4 19. c3 Nxe2 20. Bxe2 Be6 21. Nd2 b5 22. Nf3 Bb3 23. Rd2 Rd8 24. Rxd8+ Kxd8 25. Nd2 Be6 26. b4 Bf6 27. g3 Qc7 28. c4 a6 29. Nb3 Ke8 30. Qc3 Qd6 31. cxb5 axb5 32. Nc5 Bc8 33. Kc2 Be7 34. Nd3 f6 35. Nc5 Kf8 36. Qf3 Kg7 37. Qc3 f5 38. Bd3 Bf6 39. Nb3 f4 40. Bxb5 Bd7 41. Qd3 Qe7 42. Nc5 Be8 43. Bc4 g5 44. g4 Bg6 45. Ne6+ Kh8 46. Qh3+ Qh7 47. Qxh7+ Bxh7 48. Kd3 Be7 49. f3 Bg6 50. Kc3 Be8 51. a4 1-0

[Event "KOS-chT"]
[Site "Pristina"]
[Date "2017.05.18"]
[Round "2.6"]
[White "Jashari, Ardian"]
[Black "Uruci, Endrit"]
[Result "0-1"]
[WhiteElo "2103"]
[BlackElo "2043"]
[PlyCount "106"]
[EventDate "2017.05.17"]
[EventType "team-tourn"]
[EventRounds "7"]
[EventCountry "KOS"]
[SourceTitle "CBM 178 Extra"]
[Source "ChessBase"]
[SourceDate "2017.06.22"]
[SourceVersion "1"]
[SourceVersionDate "2017.06.22"]
[SourceQuality "1"]
[WhiteTeam "Decani"]
[BlackTeam "Dardania"]
[WhiteTeamCountry "KOS"]
[BlackTeamCountry "KOS"]

1. Nf3 Nf6 2. c4 c5 3. Nc3 Nc6 4. d4 cxd4 5. Nxd4 g6 6. e4 d6 7. Be2 Bg7 8. Nxc6 bxc6 9. Be3 Qa5 10. 0-0 Be6 11. a3 c5 12. Bd2 0-0 13. Qc2 Qb6 14. Rab1 Rab8 15. b3 Ng4 16. Bxg4 Bxg4 17. Nd5 Qd8 18. f4 Bd7 19. Bc3 f6 20. Qd2 Bc6 21. f5 Qd7 22. fxg6 hxg6 23. Qe2 Qe6 24. Rfe1 Rb7 25. b4 a6 26. Nf4 Qf7 27. b5 Rfb8 28. a4 e5 29. Nd5 f5 30. Qc2 Bxd5 31. exd5 e4 32. Bxg7 Qxg7 33. Red1 Qe5 34. Qb2 Qxb2 35. Rxb2 a5 36. Kf2 Rh7 37. h3 Kf7 38. b6 Kf6 39. Ke3 Ke5 40. Rb5 f4+ 41. Ke2 Rhb7 42. Rxa5 Rxb6 43. Rb5 Rxb5 44. axb5 Ra8 45. Rd2 Ra4 46. Rb2 Kd4 47. Rc2 g5 48. Kd2 Rb4 49. Ke2 e3 50. Ke1 Kd3 51. Rc1 Rb2 52. Kf1 Kd2 53. Re1 Rb4 0-1